| 000 | 00948nas a2200265 4500 | ||
|---|---|---|---|
| 001 | BR8711916 | ||
| 003 | BR-BrBNA | ||
| 005 | 20231205091011.0 | ||
| 007 | ta | ||
| 008 | 230509b bl.|||p| |||| 00| 00por d | ||
| 040 |
_aBR-BrBNA _bpor _cBiblioteca Nacional de Agricultura |
||
| 041 | _a(Pt) | ||
| 072 | _aH10 | ||
| 100 | 1 | _aLourencao, A.L. | |
| 100 | 1 | _aMiranda, M.A.C. de | |
| 245 | 1 | _aResistencia de soja a insetos, 5: preferencia para alimentacao de adultos de Diphaulaca viridipennis Clark, 1865, em cultivares e linhagens | |
| 246 | 1 | _aResistance of soybean to insects, 5: feeding preference of Diphaulaca viridipennis Clark, 1865, adults among soybean genotypes | |
| 650 | _aSOJA | ||
| 650 | _aVAQUINHA AZUL | ||
| 650 | _aVARIEDADE RESISTENTE | ||
| 650 | _aAREA FOLIAR | ||
| 773 | 0 |
_tBragantia (Brazil) _xISSN 0006-8705 _g(1986), v. 45(1) p. 37-44 _wBR8711916 |
|
| 909 |
_a202311 _bLúcia _c55 _dLúcia Elande |
||
| 942 |
_2AGRIS _n0 _cANA |
||
| 999 |
_c122138 _d122138 |
||